Tilastot visalle Nisäkkäitä kuvien mukaan #4

Klikkaa tästä pelataksesi tätä visaa!

Yleistilastot

  • Tätä visaa on pelattu 533 kertaa
  • Keskiarvotulos 11 / 18

Vastaustilastot

Vastaus% Oikein
Orava
99%
Kenguru
98%
Susi
97%
Poro
91%
Leopardi
90%
Gepardi
83%
Marsu
82%
Muurahaiskarhu
77%
Liito-orava
69%
Piikkisika
65%
Kojootti
60%
Kultapanda
53%
Pahkasika
47%
{Malaijin}karhu
40%
Japanin{makaki}
27%
Vuorikauris
22%
Mandrilli
13%
Gauri
6%

Tulosjakauma

Persentiili vastausten määrän mukaan

Jokaisen tuloksen saaneiden osuus

Tuloshistoriasi

Et ole pelannut tätä visaa